| 000 | 00694nam a2200229 i 4500 | ||
|---|---|---|---|
| 001 | bg | ||
| 100 | 1 | _aKLAWE, Andrzej J. | |
| 245 | 0 |
_aZarys międzynarodowych stosunków ekonomicznych / _cAndrzej J. Klawe, Antoni Makać. |
|
| 250 | _aWyd.2 zm. | ||
| 260 |
_aWarszawa : _bPaństwowe Wydaw. Naukowe, _c1981. |
||
| 300 |
_a509,[1] s. : _bwykr., tabl. ; _c22 cm. |
||
| 504 | _aBibliogr. s. 502-506. | ||
| 650 | 9 |
_aGospodarka światowa _xpolityka _yod 1950 r. |
|
| 650 | 9 |
_aHandel międzynarodowy _xpolityka _yod 1950 r. |
|
| 020 | _a8301035684 | ||
| 040 | _cBPK | ||
| 041 | _apl | ||
| 080 | _a339.9 | ||
| 920 | _a83-01-03568-4 | ||
| 942 | _cKS | ||
| 008 | s pl f |000 0 pol | ||
| 999 |
_c35384 _d35384 |
||
| 856 |
_uhttp://koha.tu.koszalin.pl/cgi-bin/koha/opac-detail.pl?biblionumber=35384 _yKatalog online BPK |
||